Nieobecne reprezentacje na Mistrzostwach Świata 2026 - nagła śmierć - Statystyki

Ogólne statystyki
  • Ten quiz został rozwiązany 95 razy
  • Średni wynik to 6 z 10
Answers on the Grid
Answers color-coded by a green-red scale on the quiz's grid according to % correct below.
Brazylia
Hiszpania
Polska
Francja
Włochy
Argentyna
Chorwacja
Japonia
Dania
Ukraina
Szwajcaria
Urugwaj
Norwegia
Senegal
Nigeria
Czechy
Walia
Kolumbia
Rosja
Panama
Maroko
Turcja
Serbia
Ekwador
Austria
Węgry
Szkocja
Chile
Uzbekistan
Curacao
 
Statystyki odpowiedzi
Odpowiedź % Poprawnych
Polska
91%
Włochy
88%
Ukraina
65%
Rosja
58%
Walia
56%
Nigeria
52%
Dania
50%
Węgry
47%
Chile
42%
Serbia
42%
Nie znaleziono quizów pasujących do podanych kryteriów
Rozkład punktacji
Procent ludzi z każdym wynikiem
Percentyl według liczby udzielonych odpowiedzi
Twoja historia wyników
Nie rozwiązałeś tego quizu